[Event "5. Open Memorial Pedro Lezcano 2012"]
[Site "Gran Canaria ESP"]
[Date "2012.04.05"]
[Round "4.13"]
[White "Recuero Guerra, David"]
[Black "Nortes Hernandez, Pedro"]
[Result "1-0"]
[WhiteElo "2467"]
[BlackElo "2048"]
[PlyCount "69"]
[EventDate "2012.04.02"]
[EventType "swiss"]
[EventRounds "9"]
[EventCountry "ESP"]
[Source "lmi"]
[SourceDate "2012.04.02"]

1. c4 c5 2. g3 g6 3. Bg2 Bg7 4. Nf3 Nf6 5. O-O O-O 6. d4 d6 7. b3 cxd4 8. Nxd4
Nc6 9. Bb2 Bd7 10. Nc2 Rc8 11. Nc3 Ne5 12. Qd2 a6 13. Nd4 Nc6 14. Nxc6 bxc6 15.
Rad1 Qc7 16. e4 Rfd8 17. h3 Be8 18. Qc1 e5 19. c5 d5 20. exd5 cxd5 21. Nxd5
Nxd5 22. Bxd5 Bd7 23. Bg2 a5 24. Qe3 Re8 25. Rc1 Bc6 26. Bxc6 Qxc6 27. Qc3 Qc7
28. Rfe1 Re6 29. a3 Bf6 30. Qc4 Qd7 31. Rcd1 Qb7 32. b4 axb4 33. axb4 Rb8 34.
Bc3 Qc6 35. Rd5 1-0

[Event "5. Open Memorial Pedro Lezcano 2012"]
[Site "Gran Canaria ESP"]
[Date "2012.04.05"]
[Round "4.14"]
[White "Capote Robayna, Nathaniel"]
[Black "Gergacz, Attila"]
[Result "0-1"]
[WhiteElo "2054"]
[BlackElo "2432"]
[PlyCount "70"]
[EventDate "2012.04.02"]
[EventType "swiss"]
[EventRounds "9"]
[EventCountry "ESP"]
[Source "lmi"]
[SourceDate "2012.04.02"]

1. e4 e5 2. Nf3 Nc6 3. Bb5 a6 4. Ba4 Nf6 5. O-O b5 6. Bb3 Be7 7. Re1 O-O 8. d4
d6 9. c3 Bg4 10. Bc2 exd4 11. cxd4 Nb4 12. Nbd2 Nxc2 13. Qxc2 c5 14. e5 Nd7 15.
Qe4 Bxf3 16. Nxf3 dxe5 17. Nxe5 Nxe5 18. dxe5 Qd7 19. Be3 Rfd8 20. Rac1 Qd5 21.
Qg4 Qxa2 22. Bxc5 Bxc5 23. Rxc5 Qxb2 24. Rc7 Qd2 25. Rec1 Qd5 26. Rc8 Qe6 27.
Qxe6 fxe6 28. R8c7 b4 29. f4 Rf8 30. Re7 Rf7 31. Rxf7 Kxf7 32. g4 Rb8 33. f5 b3
34. Rc7+ Kf8 35. fxe6 b2 0-1

[Event "5. Open Memorial Pedro Lezcano 2012"]
[Site "Gran Canaria ESP"]
[Date "2012.04.05"]
[Round "4.15"]
[White "Cruz Pino, Adrian"]
[Black "Pataki, Gyozo"]
[Result "0-1"]
[WhiteElo "2011"]
[BlackElo "2357"]
[PlyCount "132"]
[EventDate "2012.04.02"]
[EventType "swiss"]
[EventRounds "9"]
[EventCountry "ESP"]
[Source "lmi"]
[SourceDate "2012.04.02"]

1. Nf3 d5 2. d4 Nf6 3. e3 c5 4. Be2 Nc6 5. b3 Bf5 6. O-O e6 7. Bb2 Be7 8. Nbd2
O-O 9. Nh4 Be4 10. Nxe4 Nxe4 11. Nf3 Bf6 12. Qc1 Rc8 13. Rd1 Qa5 14. c4 Rfd8
15. Ne5 cxd4 16. Nxc6 Rxc6 17. exd4 dxc4 18. bxc4 Rc7 19. Qf4 Nd6 20. c5 Ne8
21. Rd3 Qb5 22. Qd2 Qd7 23. Rd1 b6 24. cxb6 axb6 25. Qb4 Qd6 26. Ba3 Qxb4 27.
Bxb4 Rc2 28. Bf3 Rc4 29. Bc3 Nc7 30. Ba1 h6 31. g3 Rd6 32. Kg2 Nb5 33. d5 Bxa1
34. Rxa1 Nc7 35. Rad1 e5 36. Rb3 e4 37. Be2 Rc2 38. Kf1 Rc5 39. Rb4 f5 40. f3
exf3 41. Bxf3 Rc2 42. a4 Rxh2 43. Bg2 Rh5 44. Kf2 Rg5 45. Rc4 Na6 46. Rc6 Rgg6
47. Rb1 Nc5 48. Rbxb6 Nd3+ 49. Ke3 Rxg3+ 50. Kd4 Rd8 51. d6 Nf4 52. Bd5+ Kh7
53. Bc4 Ra3 54. Ke5 Ng6+ 55. Kxf5 Rxa4 56. Ke6 Ra1 57. Bd3 Re1+ 58. Kd5 Re5+
59. Kd4 Re6 60. Bxg6+ Kxg6 61. Kd5 Kf6 62. Rc2 Re5+ 63. Kd4 Re1 64. Rc7 Rd1+
65. Kc5 Rc1+ 66. Kb5 Rb1+ 0-1

[Event "5. Open Memorial Pedro Lezcano 2012"]
[Site "Gran Canaria ESP"]
[Date "2012.04.05"]
[Round "4.16"]
[White "Rodriguez Lorenzo, Yadira"]
[Black "Illijin, Neboisa"]
[Result "1-0"]
[WhiteElo "2042"]
[BlackElo "2191"]
[PlyCount "79"]
[EventDate "2012.04.02"]
[EventType "swiss"]
[EventRounds "9"]
[EventCountry "ESP"]
[Source "lmi"]
[SourceDate "2012.04.02"]

1. e4 c5 2. Nf3 e6 3. d4 cxd4 4. Nxd4 Nf6 5. Bd3 Nc6 6. Nb3 Ne5 7. O-O Nxd3 8.
cxd3 d5 9. e5 Nd7 10. f4 g6 11. Be3 a5 12. Nc3 a4 13. Nd4 a3 14. bxa3 Bxa3 15.
Ncb5 Bc5 16. a4 O-O 17. Kh1 Qe7 18. Rc1 Bb6 19. Bf2 Qb4 20. Ra1 Qe7 21. Qg4 f5
22. Qh3 Nc5 23. Bh4 Qd7 24. g4 fxg4 25. Qxg4 Nxd3 26. Bf6 Bxd4 27. Nxd4 Rxa4
28. Rxa4 Qxa4 29. f5 exf5 30. Nxf5 Nf2+ 31. Rxf2 Qa1+ 32. Kg2 Bxf5 33. Rxf5 Qa6
34. Rf2 Qc6 35. Rd2 Ra8 36. Qf3 Ra5 37. Be7 d4 38. Bd6 Ra4 39. Qxc6 bxc6 40. e6
1-0

[Event "5. Open Memorial Pedro Lezcano 2012"]
[Site "Gran Canaria ESP"]
[Date "2012.04.05"]
[Round "4.17"]
[White "Leon Varela, Luis"]
[Black "Garcia Rodriguez, Sara"]
[Result "1-0"]
[WhiteElo "2190"]
[BlackElo "2011"]
[PlyCount "71"]
[EventDate "2012.04.02"]
[EventType "swiss"]
[EventRounds "9"]
[EventCountry "ESP"]
[Source "lmi"]
[SourceDate "2012.04.02"]

1. d4 Nf6 2. c4 g6 3. Nc3 Bg7 4. e4 d6 5. f3 O-O 6. Bg5 c5 7. d5 e6 8. Qd2 exd5
9. cxd5 a6 10. a4 Nbd7 11. Nh3 Qc7 12. Be2 Re8 13. O-O Nf8 14. Nf2 Bd7 15. Be3
Rab8 16. Rfc1 b5 17. axb5 axb5 18. b4 c4 19. Ra7 Rb7 20. Ra5 Rc8 21. f4 Be8 22.
Bf3 Rbb8 23. g4 h6 24. h4 Qe7 25. g5 hxg5 26. hxg5 N6h7 27. e5 dxe5 28. d6 Qd8
29. Nfe4 Bc6 30. Nd5 Bxd5 31. Qxd5 exf4 32. Bxf4 Ne6 33. Be3 Qd7 34. Bg4 Rb7
35. Nc5 Rxc5 36. bxc5 1-0

[Event "5. Open Memorial Pedro Lezcano 2012"]
[Site "Gran Canaria ESP"]
[Date "2012.04.05"]
[Round "4.18"]
[White "Perez Barreto, Adrian"]
[Black "Martin Hernandez, Ruben"]
[Result "0-1"]
[WhiteElo "1956"]
[BlackElo "2182"]
[PlyCount "50"]
[EventDate "2012.04.02"]
[EventType "swiss"]
[EventRounds "9"]
[EventCountry "ESP"]
[Source "lmi"]
[SourceDate "2012.04.02"]

1. d4 Nf6 2. c4 e6 3. Nc3 Bb4 4. g3 O-O 5. Bg2 c5 6. Nf3 d5 7. cxd5 Nxd5 8. Bd2
Nc6 9. dxc5 Nxc3 10. bxc3 Bxc5 11. O-O e5 12. Rb1 Qc7 13. Qc2 h6 14. Ne1 Be6
15. Kh1 f5 16. Nd3 Bb6 17. Nb4 Ne7 18. Qc1 Bc4 19. Bf3 e4 20. Bh5 Kh7 21. Bf4
Qc8 22. Rd1 Ng8 23. Rd6 Nf6 24. g4 fxg4 25. Qc2 Qf5 0-1

[Event "5. Open Memorial Pedro Lezcano 2012"]
[Site "Gran Canaria ESP"]
[Date "2012.04.05"]
[Round "4.19"]
[White "Mayor Gonzalez, Julio"]
[Black "Navarro Molina, David"]
[Result "0-1"]
[WhiteElo "1943"]
[BlackElo "2168"]
[PlyCount "58"]
[EventDate "2012.04.02"]
[EventType "swiss"]
[EventRounds "9"]
[EventCountry "ESP"]
[Source "lmi"]
[SourceDate "2012.04.02"]

1. d4 Nf6 2. Nf3 e6 3. e3 c5 4. c3 b6 5. Bd3 Bb7 6. O-O Be7 7. Qe2 O-O 8. e4 d6
9. Nbd2 Qc7 10. dxc5 Qxc5 11. Nb3 Qc7 12. Bg5 Nbd7 13. Rad1 Rfe8 14. Rd2 Rad8
15. Rfd1 Qb8 16. h4 Qa8 17. Re1 Bf8 18. Rdd1 h6 19. Bf4 e5 20. Bc1 d5 21. Nfd2
Nc5 22. Nxc5 Bxc5 23. exd5 Bxd5 24. Ne4 Nxe4 25. Bxe4 Bxe4 26. Rxd8 Rxd8 27.
Qxe4 Qxe4 28. Rxe4 Rd1+ 29. Re1 Rxe1+ 0-1

[Event "5. Open Memorial Pedro Lezcano 2012"]
[Site "Gran Canaria ESP"]
[Date "2012.04.05"]
[Round "4.20"]
[White "Rodriguez Ferraz, Borja"]
[Black "Rodriguez Perez, Jezabel"]
[Result "1-0"]
[WhiteElo "2149"]
[BlackElo "1902"]
[PlyCount "57"]
[EventDate "2012.04.02"]
[EventType "swiss"]
[EventRounds "9"]
[EventCountry "ESP"]
[Source "lmi"]
[SourceDate "2012.04.02"]

1. d4 e6 2. c4 f5 3. Nf3 Nf6 4. Bg5 Bb4+ 5. Nbd2 O-O 6. e3 d6 7. a3 Bxd2+ 8.
Nxd2 Nc6 9. f3 Qe8 10. Bh4 f4 11. Bf2 fxe3 12. Bxe3 Qg6 13. Qb3 d5 14. cxd5
exd5 15. Bd3 Qxg2 16. O-O-O Kh8 17. h4 Qg3 18. Bc2 Qd6 19. Rdg1 Ne7 20. Rg5 Ne8
21. Re5 Rb8 22. Bg5 Nf6 23. Rhe1 Neg8 24. Qd3 g6 25. Qe3 Bd7 26. Nf1 Nh5 27.
Qd3 c6 28. Nh2 Ng7 29. Bd2 1-0

[Event "5. Open Memorial Pedro Lezcano 2012"]
[Site "Gran Canaria ESP"]
[Date "2012.04.05"]
[Round "4.21"]
[White "Guerrero Romero, Antonio"]
[Black "Molina Rodriguez, Borja"]
[Result "0-1"]
[WhiteElo "1933"]
[BlackElo "2141"]
[PlyCount "58"]
[EventDate "2012.04.02"]
[EventType "swiss"]
[EventRounds "9"]
[EventCountry "ESP"]
[Source "lmi"]
[SourceDate "2012.04.02"]

1. e4 c5 2. Nf3 Nc6 3. d4 cxd4 4. Nxd4 Nf6 5. Nc3 e5 6. Ndb5 d6 7. Bg5 a6 8.
Na3 b5 9. Nd5 Be7 10. Bxf6 Bxf6 11. c3 Bg5 12. Nc2 O-O 13. a4 bxa4 14. Rxa4 a5
15. h4 Bh6 16. b4 Bb7 17. Bd3 axb4 18. Rxa8 Bxa8 19. cxb4 Ne7 20. Nxe7+ Qxe7
21. Qg4 d5 22. O-O d4 23. Rb1 Kh8 24. b5 Bd2 25. g3 Bc3 26. Ne1 f5 27. exf5 e4
28. Bf1 e3 29. f4 Qe4 0-1

[Event "5. Open Memorial Pedro Lezcano 2012"]
[Site "Gran Canaria ESP"]
[Date "2012.04.05"]
[Round "4.22"]
[White "Acosta Sosa, Juan Manuel"]
[Black "Aguila Hernandez, Eduardo"]
[Result "1-0"]
[WhiteElo "2141"]
[BlackElo "1864"]
[PlyCount "79"]
[EventDate "2012.04.02"]
[EventType "swiss"]
[EventRounds "9"]
[EventCountry "ESP"]
[Source "lmi"]
[SourceDate "2012.04.02"]

1. c4 Nf6 2. Nc3 e6 3. d4 Bb4 4. g3 d5 5. Bg2 Nbd7 6. cxd5 exd5 7. Qb3 Bxc3+ 8.
bxc3 Nb6 9. Nh3 Bxh3 10. Bxh3 O-O 11. O-O Re8 12. e3 Ne4 13. Bg2 Qd7 14. a4 Qc6
15. a5 Nc4 16. Ra2 b6 17. a6 Na5 18. Qc2 Qc4 19. Ra4 Qxa6 20. f3 Nd6 21. e4 c6
22. e5 Nb5 23. f4 Qc8 24. f5 f6 25. e6 Nc4 26. g4 Qd8 27. Rxc4 dxc4 28. Bxc6
Nxd4 29. cxd4 Qxd4+ 30. Kh1 Rac8 31. Bxe8 Rxe8 32. Qg2 h6 33. Qb7 Re7 34. Qf3
b5 35. Rd1 Qb6 36. Be3 Qb8 37. Rd7 Re8 38. g5 hxg5 39. Qh5 Rd8 40. Qf7+ 1-0

[Event "5. Open Memorial Pedro Lezcano 2012"]
[Site "Gran Canaria ESP"]
[Date "2012.04.05"]
[Round "4.23"]
[White "Marrero Cardenes, Agustin"]
[Black "Lopez Pereyra, Antonio"]
[Result "0-1"]
[WhiteElo "1895"]
[BlackElo "2125"]
[PlyCount "106"]
[EventDate "2012.04.02"]
[EventType "swiss"]
[EventRounds "9"]
[EventCountry "ESP"]
[Source "lmi"]
[SourceDate "2012.04.02"]

1. d4 e6 2. g3 f5 3. Bg2 Nf6 4. c4 Be7 5. Nc3 O-O 6. Nh3 d6 7. O-O Qe8 8. Nf4
c6 9. Nd3 Nbd7 10. e4 Nxe4 11. Nxe4 fxe4 12. Bxe4 d5 13. cxd5 exd5 14. Bg2 Bd6
15. Bd2 Nf6 16. f4 Bg4 17. Qe1 Be2 18. Ne5 Bxf1 19. Qxf1 Nd7 20. Qd3 Bxe5 21.
dxe5 Qe7 22. Rc1 Rad8 23. Qb3 Nc5 24. Qa3 b6 25. Bb4 g5 26. Bxc5 bxc5 27. Qxc5
Qxc5+ 28. Rxc5 gxf4 29. gxf4 Rxf4 30. Rxc6 d4 31. e6 d3 32. e7 Re8 33. Rd6 Rxe7
34. Bd5+ Kg7 35. Bb3 Re2 36. Rxd3 Rxb2 37. Rd7+ Kg6 38. Rxa7 Rg4+ 39. Kf1 Rxh2
40. Ra8 Kf6 41. Rf8+ Ke5 42. Rf2 Rxf2+ 43. Kxf2 Rd4 44. Kg3 h5 45. Bf7 h4+ 46.
Kh3 Kf6 47. Bb3 Kg5 48. Be6 Re4 49. Bb3 Re3+ 50. Kg2 Kf4 51. Bd1 Rd3 52. Bb3
h3+ 53. Kh2 Kg4 0-1

[Event "5. Open Memorial Pedro Lezcano 2012"]
[Site "Gran Canaria ESP"]
[Date "2012.04.05"]
[Round "4.24"]
[White "Lopez Colon, Francisco"]
[Black "Ramirez Medina, Victor"]
[Result "1-0"]
[WhiteElo "2106"]
[BlackElo "1863"]
[PlyCount "161"]
[EventDate "2012.04.02"]
[EventType "swiss"]
[EventRounds "9"]
[EventCountry "ESP"]
[Source "lmi"]
[SourceDate "2012.04.02"]

1. d4 d5 2. c4 c6 3. Nf3 Nf6 4. Qc2 dxc4 5. Qxc4 Bf5 6. Nc3 e6 7. Bg5 Qb6 8.
Na4 Qb4+ 9. Qxb4 Bxb4+ 10. Bd2 Bxd2+ 11. Nxd2 Nbd7 12. Nc4 Ke7 13. Nc5 Rab8 14.
f3 Rhd8 15. e4 Bg6 16. O-O-O Nxc5 17. dxc5 Rxd1+ 18. Kxd1 Nd7 19. b4 f6 20. Bd3
e5 21. Na5 Be8 22. Kd2 Nf8 23. Rc1 Ne6 24. Nb3 Rd8 25. Ke3 Nf4 26. Bf1 a6 27.
Na5 Rd7 28. g3 Ne6 29. Bh3 Bf7 30. a3 g5 31. Bxe6 Bxe6 32. Rc2 Kd8 33. h4 gxh4
34. gxh4 Kc7 35. Rd2 b6 36. cxb6+ Kxb6 37. Rc2 Rd6 38. Rc5 Bf7 39. f4 exf4+ 40.
Kxf4 Kc7 41. Rc3 Bg6 42. Rc1 Bf7 43. Rc5 Bg6 44. h5 Bf7 45. a4 Kd7 46. Ke3 Be6
47. Nb7 Rd1 48. Rc3 Rh1 49. Nc5+ Kd6 50. Nxa6 Rxh5 51. Kd4 Rh1 52. Nc5 Bc8 53.
Rf3 Ke7 54. a5 h5 55. Na4 Ra1 56. Nb6 Bg4 57. Rf4 Ke6 58. Nc4 Be2 59. Rf2 Bxc4
60. Kxc4 Ke5 61. Rf5+ Kxe4 62. Rxf6 Rc1+ 63. Kb3 Kd3 64. Rd6+ Ke4 65. Rh6 Kd3
66. Rxh5 Rb1+ 67. Ka3 Kc4 68. Rc5+ Kd4 69. Rxc6 Ra1+ 70. Kb3 Kd5 71. Rh6 Rb1+
72. Ka4 Kc4 73. Rc6+ Kd5 74. Rc5+ Kd6 75. Kb5 Rh1 76. a6 Rh7 77. Kb6 Rh4 78. b5
Rh8 79. a7 Ra8 80. Rc6+ Kd7 81. Kb7 1-0

[Event "5. Open Memorial Pedro Lezcano 2012"]
[Site "Gran Canaria ESP"]
[Date "2012.04.05"]
[Round "4.25"]
[White "Buet, Samuel"]
[Black "Sanchez Quintero, Raul"]
[Result "0-1"]
[WhiteElo "1826"]
[BlackElo "2084"]
[PlyCount "60"]
[EventDate "2012.04.02"]
[EventType "swiss"]
[EventRounds "9"]
[EventCountry "ESP"]
[Source "lmi"]
[SourceDate "2012.04.02"]

1. Nf3 Nc6 2. b3 e5 3. d3 d6 4. Bb2 f5 5. e4 Nf6 6. Nc3 Be7 7. Be2 O-O 8. O-O
Kh8 9. Kh1 Qe8 10. Nd5 Bd8 11. Nd2 f4 12. g4 Qg6 13. f3 Nxd5 14. exd5 Nb4 15.
c4 Nxd3 16. Qb1 Nxb2 17. Qxb2 h5 18. h3 hxg4 19. hxg4 Kg8 20. Kg2 e4 21. Nxe4
Bxg4 22. fxg4 Qxe4+ 23. Bf3 Qg6 24. Rae1 Bf6 25. Qc1 Be5 26. Rh1 b6 27. Rh5
Rae8 28. Reh1 Qd3 29. Qe1 g6 30. Be4 f3+ 0-1

[Event "5. Open Memorial Pedro Lezcano 2012"]
[Site "Gran Canaria ESP"]
[Date "2012.04.05"]
[Round "4.26"]
[White "Saad Addin Quintana, Samir N"]
[Black "Alvarado Diaz, Alejandro"]
[Result "0-1"]
[WhiteElo "1879"]
[BlackElo "2219"]
[PlyCount "74"]
[EventDate "2012.04.02"]
[EventType "swiss"]
[EventRounds "9"]
[EventCountry "ESP"]
[Source "lmi"]
[SourceDate "2012.04.02"]

1. e4 d5 2. exd5 Qxd5 3. Nc3 Qa5 4. d4 Nf6 5. Nf3 Bg4 6. h3 Bh5 7. g4 Bg6 8.
Bc4 e6 9. Bd2 c6 10. Qe2 Qc7 11. g5 Nd5 12. Bxd5 cxd5 13. Nxd5 Qd8 14. Nb4 Bxb4
15. Bxb4 Nc6 16. Ba3 Qd5 17. c4 Qa5+ 18. Kf1 O-O-O 19. Rd1 Qf5 20. Qe3 Bh5 21.
Nh4 Qa5 22. Rd2 h6 23. g6 Qg5 24. gxf7 Qxh4 25. Qxe6+ Kc7 26. f8=Q Rhxf8 27.
Bxf8 Qf4 28. Bb4 Bf7 29. Ba5+ b6 30. Bxb6+ axb6 31. Qe2 Bxc4 32. Qxc4 Qxd2 33.
Kg2 Rxd4 34. Qf7+ Rd7 35. Qf3 Qxb2 36. a4 Qd4 37. Rc1 Qxa4 0-1

[Event "5. Open Memorial Pedro Lezcano 2012"]
[Site "Gran Canaria ESP"]
[Date "2012.04.05"]
[Round "4.27"]
[White "Marrero Lopez, Agustin"]
[Black "Gonzalez Intelangelo, Gerardo"]
[Result "1/2-1/2"]
[WhiteElo "1867"]
[BlackElo "2020"]
[PlyCount "79"]
[EventDate "2012.04.02"]
[EventType "swiss"]
[EventRounds "9"]
[EventCountry "ESP"]
[Source "lmi"]
[SourceDate "2012.04.02"]

1. d4 f5 2. c4 Nf6 3. Nc3 g6 4. b3 Bg7 5. Bb2 d6 6. g3 O-O 7. Bg2 e6 8. Nf3 Qe7
9. O-O c6 10. Qd2 Nbd7 11. Rad1 Ne4 12. Qc2 Ndf6 13. e3 Bd7 14. Ne1 d5 15. c5
g5 16. Nd3 g4 17. Ne5 Be8 18. Ne2 Nd7 19. Nxd7 Bxd7 20. Rfe1 h5 21. Nf4 Qg5 22.
Qe2 Kf7 23. h4 gxh3 24. Bxe4 fxe4 25. Qxh5+ Qxh5 26. Nxh5 Bh6 27. Kh2 Rh8 28.
Rh1 Bxe3 29. fxe3 Rxh5 30. Rdf1+ Ke7 31. Rf4 Rah8 32. Rhf1 Be8 33. Rg4 Rf5 34.
Rff4 Rxf4 35. exf4 Kf6 36. Bc1 Bg6 37. Rg5 Rh5 38. Rxh5 Bxh5 39. Kxh3 Kf5 40.
Be3 1/2-1/2

[Event "5. Open Memorial Pedro Lezcano 2012"]
[Site "Gran Canaria ESP"]
[Date "2012.04.05"]
[Round "4.28"]
[White "De La Hoz Sanchez, Ruben"]
[Black "Ramirez Maillo, Juan Adonay"]
[Result "1-0"]
[WhiteElo "1961"]
[BlackElo "1575"]
[PlyCount "111"]
[EventDate "2012.04.02"]
[EventType "swiss"]
[EventRounds "9"]
[EventCountry "ESP"]
[Source "lmi"]
[SourceDate "2012.04.02"]

1. e4 c5 2. Nc3 Nc6 3. g3 g6 4. Bg2 Bg7 5. d3 e6 6. Be3 d6 7. Qd2 Nge7 8. Nge2
O-O 9. Bh6 Nd4 10. Nxd4 cxd4 11. Ne2 Bxh6 12. Qxh6 Qb6 13. O-O-O a5 14. h4 f6
15. f4 Qc5 16. h5 g5 17. fxg5 Qxg5+ 18. Qxg5+ fxg5 19. Nxd4 Bd7 20. Bh3 Rf6 21.
Rdf1 Raf8 22. Rxf6 Rxf6 23. Kd2 e5 24. Ne2 g4 25. Bg2 Rh6 26. Nc3 Kf7 27. Bf1
Ng8 28. Nd5 Nf6 29. Nb6 Be6 30. Ke3 Nxh5 31. Be2 Kg6 32. Rg1 Kg5 33. d4 Nf6 34.
d5 Bf7 35. Nc4 a4 36. Rf1 Be8 37. Bd3 Bd7 38. Nb6 Rh3 39. Kf2 Be8 40. Nc4 Bb5
41. Nxd6 Bxd3 42. Nf7+ Kg6 43. Nxe5+ Kg7 44. cxd3 Rh2+ 45. Ke3 Rxb2 46. Rf2 a3
47. Nc4 Rb1 48. d6 Rg1 49. e5 Nd5+ 50. Kd4 Rxg3 51. d7 Nb4 52. Ne3 Rf3 53. Rxf3
gxf3 54. Kc5 Nc6 55. Kd6 h5 56. e6 1-0

[Event "5. Open Memorial Pedro Lezcano 2012"]
[Site "Gran Canaria ESP"]
[Date "2012.04.05"]
[Round "4.29"]
[White "Diaz Martin, Cristina"]
[Black "Korneev, Svyatoslav"]
[Result "0-1"]
[WhiteElo "1407"]
[BlackElo "1938"]
[PlyCount "52"]
[EventDate "2012.04.02"]
[EventType "swiss"]
[EventRounds "9"]
[EventCountry "ESP"]
[Source "lmi"]
[SourceDate "2012.04.02"]

1. e4 c5 2. Nf3 d6 3. d4 cxd4 4. Nxd4 Nf6 5. Nc3 e5 6. Nf3 Be6 7. Bg5 a6 8. Be2
Qb6 9. b3 Qb4 10. Bxf6 gxf6 11. Qd2 Bh6 12. Qd3 Nd7 13. a3 Qa5 14. b4 Qc7 15.
Nd5 Bxd5 16. Qxd5 Qc3+ 17. Nd2 Bxd2+ 18. Qxd2 Qxa1+ 19. Bd1 Ke7 20. Qd3 Rhd8
21. O-O Rac8 22. f4 Qd4+ 23. Qxd4 exd4 24. Re1 Rc3 25. a4 Re3 26. Rxe3 dxe3 0-1

[Event "5. Open Memorial Pedro Lezcano 2012"]
[Site "Gran Canaria ESP"]
[Date "2012.04.05"]
[Round "4.30"]
[White "Aleman Alamo, Nicolas"]
[Black "Kleine, Peter"]
[Result "0-1"]
[WhiteElo "1598"]
[BlackElo "1833"]
[PlyCount "124"]
[EventDate "2012.04.02"]
[EventType "swiss"]
[EventRounds "9"]
[EventCountry "ESP"]
[Source "lmi"]
[SourceDate "2012.04.02"]

1. d4 d5 2. c4 c6 3. e3 Nf6 4. Nc3 dxc4 5. Bxc4 b5 6. Bd3 Bb7 7. Ne4 e6 8. Qc2
Nbd7 9. Bd2 a6 10. Ne2 Rc8 11. b4 Nxe4 12. Bxe4 Nf6 13. Bf3 Bd6 14. Qb2 Bb8 15.
Rc1 O-O 16. O-O Re8 17. Nc3 e5 18. dxe5 Rxe5 19. Ne2 Ne4 20. Bxe4 Rxe4 21. Bc3
Qg5 22. Ng3 Rh4 23. f4 Qg6 24. Be5 Ba7 25. Bd4 c5 26. Bxc5 Bxc5 27. Rxc5 Rxc5
28. bxc5 Rg4 29. Qe5 Qc6 30. Qb8+ Bc8 31. Qd6 Qe8 32. e4 Rg6 33. Qe5 Re6 34.
Qd5 g6 35. Rd1 Rc6 36. e5 Be6 37. Qd8 Qxd8 38. Rxd8+ Kg7 39. Rd6 Rxc5 40. Rxa6
Rc1+ 41. Kf2 Rc2+ 42. Kg1 Rxa2 43. Rxa2 Bxa2 44. Ne4 b4 45. Kf2 b3 46. Nc3 b2
47. g3 b1=Q 48. Nxb1 Bxb1 49. Ke3 Bf5 50. Kf3 h5 51. h4 Kf8 52. Ke3 Ke7 53. Kd4
Ke6 54. Kc5 Bg4 55. Kd4 Kf5 56. Ke3 Bd1 57. Kd2 Bb3 58. Ke3 Be6 59. Kf3 Bc8 60.
Ke3 Kg4 61. Kf2 Bb7 62. Ke3 Kxg3 0-1

[Event "5. Open Memorial Pedro Lezcano 2012"]
[Site "Gran Canaria ESP"]
[Date "2012.04.05"]
[Round "4.31"]
[White "Diaz Suarez, Cayetano"]
[Black "Falcon Diaz, Francisco Samuel"]
[Result "1/2-1/2"]
[WhiteElo "1827"]
[BlackElo "1600"]
[PlyCount "119"]
[EventDate "2012.04.02"]
[EventType "swiss"]
[EventRounds "9"]
[EventCountry "ESP"]
[Source "lmi"]
[SourceDate "2012.04.02"]

1. d4 d5 2. Nf3 Nf6 3. Bf4 g6 4. Nbd2 Bg7 5. e3 O-O 6. h3 Re8 7. Bd3 Nbd7 8. c4
c6 9. cxd5 Nxd5 10. Bh2 Nb4 11. Be2 e5 12. O-O e4 13. Ne1 Nd5 14. Nc4 Bf8 15.
g4 N7b6 16. Ng2 Nxc4 17. Bxc4 f5 18. gxf5 Bxf5 19. h4 Bh3 20. Bg3 Bd6 21. Kh2
Bxg3+ 22. Kxh3 Bc7 23. Qg4 Kg7 24. Bxd5 cxd5 25. f4 exf3 26. Nf4 Bxf4 27. exf4
Re4 28. Rxf3 Qe7 29. Raf1 Rf8 30. Qg3 Rf5 31. Qg1 Qe6 32. Kg3 h5 33. Rd1 g5 34.
hxg5 h4+ 35. Kf2 Re2+ 36. Kf1 Qe7 37. Qg4 Rh2 38. Kg1 Qe2 39. Rdf1 Kg6 40. Re1
Rg2+ 41. Qxg2 Qxe1+ 42. Kh2 Qe4 43. Qg4 Qe2+ 44. Kh3 Qe1 45. Qg2 Qe4 46. Qf2
Rf8 47. Kxh4 Rh8+ 48. Kg3 Qf5 49. Qg2 Rh7 50. Re3 Rh4 51. Re6+ Qxe6 52. Kxh4
Qe1+ 53. Kg4 Qd1+ 54. Kh4 Qe1+ 55. Qg3 Qh1+ 56. Qh3 Qe1+ 57. Kg4 Qe2+ 58. Kg3
Qe3+ 59. Kh2 Qxf4+ 60. Kh1 1/2-1/2

[Event "5. Open Memorial Pedro Lezcano 2012"]
[Site "Gran Canaria ESP"]
[Date "2012.04.05"]
[Round "4.32"]
[White "Perez Castellano, Susana"]
[Black "Roque Hernandez, Francisco"]
[Result "1-0"]
[WhiteElo "1817"]
[BlackElo "1587"]
[PlyCount "23"]
[EventDate "2012.04.02"]
[EventType "swiss"]
[EventRounds "9"]
[EventCountry "ESP"]
[Source "lmi"]
[SourceDate "2012.04.02"]

1. e4 Nf6 2. Nc3 d6 3. Nf3 e5 4. d4 Bg4 5. dxe5 Bxf3 6. Qxf3 dxe5 7. Bg5 Be7 8.
Rd1 Nbd7 9. Bc4 O-O 10. O-O c6 11. Bxf6 Bxf6 12. Qg4 1-0

[Event "5. Open Memorial Pedro Lezcano 2012"]
[Site "Gran Canaria ESP"]
[Date "2012.04.05"]
[Round "4.33"]
[White "Capote Robayna, Johanna"]
[Black "Antonini, Roberto"]
[Result "1-0"]
[WhiteElo "1809"]
[BlackElo "1584"]
[PlyCount "95"]
[EventDate "2012.04.02"]
[EventType "swiss"]
[EventRounds "9"]
[EventCountry "ESP"]
[Source "lmi"]
[SourceDate "2012.04.02"]

1. e4 e5 2. Nf3 Nf6 3. Nc3 d6 4. d4 exd4 5. Nxd4 Be7 6. Bc4 Bg4 7. Qd3 Nbd7 8.
h3 Bh5 9. Nf5 O-O 10. Qg3 Bg6 11. O-O Kh8 12. f4 Bxf5 13. exf5 c6 14. Re1 d5
15. Bb3 Nc5 16. Ne2 Nce4 17. Qf3 Qd7 18. c4 Qxf5 19. cxd5 cxd5 20. Nc3 Bb4 21.
Bxd5 Nxc3 22. Re5 Qd7 23. bxc3 Bc5+ 24. Kh1 Rad8 25. Bb3 Bd6 26. Re1 Qc7 27.
Rb1 b6 28. Bc2 Rfe8 29. Rf1 Nd5 30. Qh5 Nf6 31. Qf5 Re2 32. Bb2 Rde8 33. Bd3
Ne4 34. Kh2 Re3 35. Qb5 Bxf4+ 36. Kg1 Bh2+ 37. Kh1 Ng3+ 38. Kxh2 Nxf1+ 39. Kg1
Nd2 40. Rd1 Nf3+ 41. Kf2 Qf4 42. Qc4 Nd4+ 43. Kg1 Nf3+ 44. Kf2 Nd2+ 45. Qxf4
Rxd3 46. Rxd2 Rxd2+ 47. Qxd2 f6 48. Qd7 1-0

[Event "5. Open Memorial Pedro Lezcano 2012"]
[Site "Gran Canaria ESP"]
[Date "2012.04.05"]
[Round "4.34"]
[White "Guerra Arrocha, Daniel"]
[Black "Morales Sanchez, Domingo"]
[Result "1-0"]
[WhiteElo "1771"]
[BlackElo "1555"]
[PlyCount "29"]
[EventDate "2012.04.02"]
[EventType "swiss"]
[EventRounds "9"]
[EventCountry "ESP"]
[Source "lmi"]
[SourceDate "2012.04.02"]

1. e4 c5 2. Nf3 d6 3. d4 cxd4 4. Nxd4 e5 5. Nb5 Nf6 6. N1c3 Nc6 7. Bg5 a6 8.
Na3 b5 9. Bxf6 Qxf6 10. Nd5 Qd8 11. Bxb5 axb5 12. Nxb5 Be6 13. Nbc7+ Kd7 14.
Nxa8 Qxa8 15. Nb6+ 1-0